[Event "WYB18"]
[Site "Oropesa del Mar ESP"]
[Date "2001.10.29"]
[Round "8"]
[White "Gharamian,T"]
[Black "Ni Hua"]
[Result "0-1"]
[WhiteElo "2215"]
[BlackElo "2538"]

1.e4 e6 2.d4 d5 3.Nd2 dxe4 4.Nxe4 Nd7 5.Nf3 Ngf6 6.Nxf6+ Nxf6 7.Bd3 c5 8.dxc5 Bxc5
9.Bg5 O-O 10.O-O b6 11.Qe2 Bb7 12.Rad1 Qc7 13.Ne5 Rfd8 14.c3 Rd5 15.Bf4 Rad8
16.Rfe1 a5 17.Bg3 Qc8 18.h3 Be7 19.Bh4 Qc7 20.Qe3 Qc5 21.Qe2 Qc7 22.Qe3 Ng4
23.hxg4 Bxh4 24.g5 Qe7 25.Qh3 Qxg5 26.Nf3 Qf6 27.Nxh4 g5 28.Bxh7+ Kxh7 29.Rxd5 Bxd5
30.Nf5+ Kg8 31.Nh6+ Kg7 32.Ng4 Qg6 33.Ne5 Qc2 34.Qg4 f6 35.Nf3 Rh8 36.b3 Qh7
37.Kf1 Qd3+ 38.Kg1 Qxc3 39.Re3 Qc7 40.Re1 Qc3 41.Re3 Qc7 42.Re1 b5 43.Qd4 Qf4
44.Qxf4 gxf4 45.Nd4 Kf7 46.Nxb5 Rg8 47.Nd6+ Ke7 48.Ne4 f5 49.Nc3 Bxg2 50.Ne2 Bb7+
51.Kf1 f3 52.Ng3 Ba6+  0-1

[Event "WYB18"]
[Site "Oropesa del Mar ESP"]
[Date "2001.11.02"]
[Round "11"]
[White "Ni Hua"]
[Black "Werle,J"]
[Result "1-0"]
[WhiteElo "2538"]
[BlackElo "2459"]

1.e4 e6 2.d4 d5 3.e5 c5 4.c3 Qb6 5.Nf3 Bd7 6.a3 cxd4 7.cxd4 Bb5 8.Bxb5+ Qxb5
9.Nc3 Qa6 10.Ne2 Ne7 11.O-O Nd7 12.Ng3 g6 13.Bf4 Nc6 14.Rc1 h6 15.Rc3 O-O-O
16.h4 Kb8 17.Qd2 Rc8 18.Rfc1 Ka8 19.Nf1 Nb6 20.Bg3 Bg7 21.Ne3 Na5 22.Rxc8+ Rxc8
23.Rxc8+ Nxc8 24.Ng4 h5 25.Nh6 Nc4 26.Qg5 Bxh6 27.Qxh6 Qc6 28.Qf8 Qd7 29.Ng5 Nxb2
30.Nxf7 a5 31.Ng5 Nc4 32.Qg8 Nxa3 33.Nxe6 Qc6 34.Nc5 Ka7 35.e6 Nc2 36.Qd8  1-0

[Event "Tan Chin Nam Cup"]
[Site "Qingdao CHN"]
[Date "2002.07.08"]
[Round "8"]
[White "Ni Hua"]
[Black "Shabalov,A"]
[Result "1/2-1/2"]
[WhiteElo "2533"]
[BlackElo "2624"]

1.e4 c5 2.Nf3 d6 3.d4 cxd4 4.Nxd4 Nf6 5.Nc3 Nc6 6.Bg5 e6 7.Qd2 h6 8.Bxf6 gxf6
9.O-O-O a6 10.f4 Bd7 11.Kb1 Qb6 12.Nf3 O-O-O 13.Bc4 Kb8 14.Bb3 Bc8 15.Rhf1 h5
16.g3 Qc5 17.Nh4 b5 18.f5 Bh6 19.Qe2 Be3 20.fxe6 fxe6 21.Ng6 Rhe8 22.e5 f5
23.exd6 Bd4 24.Qxh5 a5 25.a4 Bxc3 26.bxc3 bxa4 27.Bxa4 Rd7 28.Bxc6 Qxc6 29.Ne5 Qb5+
30.Kc1 Qxe5 31.Qxe8 Qxc3 32.Rfe1 f4 33.Qh5 Qa3+ 34.Kd2 Rxd6+ 35.Ke2 Qe3+
36.Kf1 Ba6+ 37.Rd3 Bxd3+ 38.cxd3 Qxd3+ 39.Kg2 fxg3 40.hxg3 Qd5+ 41.Qxd5 exd5
42.Ra1 Ra6 43.Rd1 a4 44.Rxd5 a3 45.Rd1 Kb7 46.Kf3 Ra4 47.Ke3  1/2-1/2

[Event "Olympiad"]
[Site "Bled SLO"]
[Date "2002.11.04"]
[Round "9"]
[White "Markos,J"]
[Black "Ni Hua"]
[Result "0-1"]
[WhiteElo "2480"]
[BlackElo "2545"]

1.Nf3 c5 2.c4 Nc6 3.Nc3 e5 4.g3 g6 5.Bg2 Bg7 6.O-O Nge7 7.Ne1 d6 8.Nc2 O-O
9.Rb1 Be6 10.Nd5 a5 11.a3 a4 12.b4 axb3 13.Rxb3 Na5 14.Rb1 Nxc4 15.Nxe7+ Qxe7
16.Rxb7 Qd8 17.d3 Na5 18.Rb5 Qd7 19.a4 Nc6 20.Ne3 Nd4 21.Bxa8 Nxb5 22.Bd5 Nc3
23.Bxe6 fxe6 24.Qc2 Nxa4 25.Bd2 Nb6 26.Qb3 Nc8 27.Ra1 e4 28.Bc3 Qf7 29.Rf1 exd3
30.exd3 Bxc3 31.Qxc3 Ne7 32.Qc4 Nc6 33.Qa6 Qf3 34.Nc2 g5 35.Qc4 Qd5 36.Ne3 Qxc4
37.dxc4 Kg7 38.Ra1 Kf6 39.Ra6 Rc8 40.Rb6 Ke5 41.Rb7 Kd4 42.Rg7 Ne5 43.Kf1 Nxc4
44.Ke2 Ra8 45.Nxc4 Kxc4 46.Rxg5 Ra2+ 47.Ke3 d5 48.Rh5 d4+ 49.Kf3 Ra3+ 50.Ke2 d3+
51.Ke3 Ra2 52.Rxh7 Re2+ 53.Kf3 Re5 54.h4 d2 55.Rd7 Rd5 56.Rxd5 exd5  0-1

[Event "zt 3.3"]
[Site "Yongchuan CHN"]
[Date "2003.07.14"]
[Round "4"]
[White "Ni Hua"]
[Black "Zhou Weiqi"]
[Result "1-0"]
[WhiteElo "2533"]
[BlackElo "2388"]

1.e4 d6 2.d4 Nf6 3.Nc3 g6 4.Be3 Bg7 5.Qd2 c6 6.Nf3 Nbd7 7.Bh6 Bxh6 8.Qxh6 b5
9.e5 b4 10.Nd1 dxe5 11.dxe5 Nd5 12.Bc4 Nc5 13.Ne3 Nxe3 14.Qxe3 Qb6 15.O-O-O Be6
16.Rd4 h6 17.Rhd1 Kf8 18.h4 Kg7 19.h5 g5 20.Nxg5 hxg5 21.Qxg5+ Kf8 22.h6 Rh7
23.Bd3 Nxd3+ 24.R4xd3 c5 25.Rg3 Bg4 26.Rh1 Qg6 27.Rxg4 Qxg5+ 28.Rxg5 e6 29.Kd2 Rd8+
30.Ke2 c4 31.Rgh5 Rd5 32.R1h4 c3 33.Rxb4 Rd2+ 34.Ke3 Rxc2 35.bxc3 Rxa2 36.g4  1-0

[Event "zt 3.3"]
[Site "Yongchuan CHN"]
[Date "2003.07.23"]
[Round "11"]
[White "Ni Hua"]
[Black "Wang Zili"]
[Result "1-0"]
[WhiteElo "2533"]
[BlackElo "2542"]

1.e4 c5 2.Nf3 Nc6 3.Bb5 Nd4 4.Bc4 g6 5.Nc3 Bg7 6.Nxd4 cxd4 7.Qf3 e6 8.Nb5 Be5
9.Qd3 Qb6 10.c3 dxc3 11.dxc3 a6 12.Be3 Qc6 13.f4 Bb8 14.Nd4 Qc7 15.Bb3 Ne7
16.O-O-O b5 17.f5 Ba7 18.Rhf1 b4 19.fxe6 fxe6 20.Bf4 e5 21.Bf7+  1-0

[Event "RUS-CHN"]
[Site "Moscow CHN"]
[Date "2004.08.14"]
[Round "4"]
[White "Ni Hua"]
[Black "Sakaev,K"]
[Result "1/2-1/2"]
[WhiteElo "2583"]
[BlackElo "2664"]

1.e4 c5 2.Nf3 d6 3.d4 cxd4 4.Nxd4 Nf6 5.Nc3 a6 6.Be2 e5 7.Nb3 Be7 8.Bg5 Nbd7
9.a4 h6 10.Be3 b6 11.O-O O-O 12.f3 Bb7 13.Rf2 Rc8 14.Bf1 Rc7  1/2-1/2

[Event "RUS-CHN"]
[Site "Moscow RUS"]
[Date "2004.08.16"]
[Round "6"]
[White "Zvjaginsev,V"]
[Black "Ni Hua"]
[Result "1/2-1/2"]
[WhiteElo "2650"]
[BlackElo "2583"]

1.e4 c5 2.Nf3 Nc6 3.Bb5 g6 4.O-O Bg7 5.c3 Nf6 6.Re1 O-O 7.h3 e5 8.d4 cxd4
9.cxd4 Nxd4 10.Nxd4 exd4 11.Qxd4 a6 12.Ba4 b5 13.Bb3 d6 14.Nc3 Bb7 15.Qb4 Re8
16.Bf4 Bf8 17.Bg5 h6 18.Bxf6 Qxf6 19.Bd5 Rab8 20.Bxb7 Rxb7 21.Nd5 Qd8 22.Rac1 Bg7
23.Rc6 a5 24.Qd2 Rb8 25.b4 axb4 26.Qxb4 Qh4 27.Rxd6 Bf8 28.Qd4 Bxd6 29.Nf6+ Kf8
30.Qxd6+ Kg7 31.Nxe8+ Rxe8 32.Qd5 Rc8 33.Qxb5 Rc2 34.Re2 Rc1+ 35.Kh2 Qf4+
36.g3 Qf3 37.Qb2+ Kh7 38.Qxc1 Qxe2 39.Qf4 Qxa2 40.Qf6 Kg8 41.g4 Qe2 42.Qf4 h5
43.g5 Qd3 44.Kg2 Qe2 45.Qb8+ Kg7 46.Qe5+ Kg8 47.Qd5 Qc2 48.e5 Qf5 49.Qd8+ Kh7
50.Qf6 Qe4+ 51.Kg3 Kg8 52.Kh2 Qd4 53.Kg2 Qe4+ 54.Kg3 Qd3+ 55.Qf3 Qd4 56.Qe3 Qd5
57.f3 Qc4 58.Qd2 Kg7 59.Qf4 Qc5 60.Qf6+ Kg8 61.e6 Qg1+ 62.Kf4 Qc1+ 63.Ke4 Qc2+
64.Kd5 Qb3+ 65.Kc5 Qa3+  1/2-1/2

[Event "Open"]
[Site "Calcutta IND"]
[Date "2004.11.09"]
[Round "2"]
[White "Ni Hua"]
[Black "Mohammad,J"]
[Result "1-0"]
[WhiteElo "2611"]
[BlackElo "2256"]

1.e4 c5 2.Nf3 Nc6 3.Bb5 g6 4.O-O Bg7 5.Re1 a6 6.Bxc6 dxc6 7.d3 Nh6 8.h3 b6
9.Nc3 Qc7 10.Be3 e5 11.a3 a5 12.Na4 Ba6 13.b4 Bb5 14.Nc3 cxb4 15.axb4 f6
16.bxa5 bxa5 17.Qd2 Nf7 18.Na4 O-O 19.Nc5 Qe7 20.c4 f5 21.exf5 gxf5 22.cxb5 f4
23.Bd4 cxb5 24.Rxa5 Rab8 25.Nb3 Qe6 26.Qb4 Qd5 27.Bb2 Qxd3 28.Nxe5 Qc2 29.Nd4  1-0

[Event "Open"]
[Site "Calcutta IND"]
[Date "2004.11.10"]
[Round "3"]
[White "Murshed,N"]
[Black "Ni Hua"]
[Result "1/2-1/2"]
[WhiteElo "2468"]
[BlackElo "2611"]

1.d4 d5 2.c4 c6 3.Nc3 dxc4 4.e4 b5 5.a4 b4 6.Na2 Nf6 7.e5 Nd5 8.Bxc4 e6 9.Nf3 Be7
10.Qc2 Bb7 11.h4 Nd7 12.Qe4 N7b6 13.b3 Nxc4 14.bxc4 Nb6 15.c5 Nd5 16.Bd2 a5
17.Nc1 Ba6 18.Ne2 Rb8 19.h5 b3 20.Rb1 b2 21.Qc2 O-O 22.Rh3 Nb4 23.Bxb4 Rxb4
24.Rxb2 Qb8 25.Rxb4 Qxb4+ 26.Nd2 Bxe2 27.Kxe2 Qxd4 28.Qe4 Qxc5 29.Rd3 Qc1
30.Qc4 Qa1 31.Qd4 Qh1 32.Qf4 Rd8 33.Rxd8+ Bxd8 34.Qd4 Be7 35.Qa7 Qxh5+ 36.Nf3 Bf8
37.Qxa5 g5 38.Qd8 h6 39.Qd4 Qh1 40.Ne1 Qh5+ 41.f3 f6 42.exf6 Qf7 43.a5 c5
44.Qe5 Qd7 45.Nd3 c4 46.Nf2 Kf7 47.Qe4 Qb5 48.Qh7+ Ke8 49.Qg6+ Kd8 50.Qc2 Qxa5
51.Qxc4 Qd5 52.Qxd5+ exd5 53.Kd3 Kd7 54.Kd4 Ke6 55.Ng4 h5 56.Ne3 Kxf6  1/2-1/2

[Event "Open"]
[Site "Calcutta IND"]
[Date "2004.11.13"]
[Round "7"]
[White "Ni Hua"]
[Black "Kunte,A"]
[Result "1/2-1/2"]
[WhiteElo "2611"]
[BlackElo "2550"]

1.e4 c5 2.Nf3 e6 3.d4 cxd4 4.Nxd4 Nf6 5.Nc3 d6 6.Be3 Be7 7.Be2 Nc6 8.Qd2 a6
9.O-O-O O-O 10.f4 Bd7 11.g4 Nxd4 12.Qxd4 Bc6 13.g5 Nd7 14.h4 b5 15.h5 e5
16.Qd2 Nc5 17.f5 b4 18.Nd5 Bxd5 19.exd5 Ne4 20.Qxb4 Ng3 21.Qg4 Nxe2+ 22.Qxe2 Bxg5
23.Rdg1 Bxe3+ 24.Qxe3 Qf6 25.Rf1 h6 26.Rhg1 Rac8 27.Rg4 Kh8 28.Qe4 Rc5 29.c4 a5
30.Rfg1 Rfc8 31.b3 Rg8 32.Kd2 Rc7 33.Ke2  1/2-1/2

[Event "Open"]
[Site "Calcutta IND"]
[Date "2004.11.17"]
[Round "11"]
[White "Ni Hua"]
[Black "Ganguly,S"]
[Result "1/2-1/2"]
[WhiteElo "2611"]
[BlackElo "2559"]

1.e4 e5 2.Nf3 Nc6 3.Bb5 a6 4.Ba4 Nf6 5.O-O b5 6.Bb3 Bc5 7.a4 Rb8 8.c3 d6
9.d4 Bb6 10.a5 Ba7 11.h3 O-O 12.Re1 h6 13.Be3 exd4 14.cxd4 d5 15.e5 Ne4 16.Nc3 Nxc3
17.bxc3 Bf5 18.Bc2 Bxc2 19.Qxc2 Qd7 20.Qd3 Qe6 21.Bf4 b4 22.cxb4 Rxb4 23.Be3 Rb5
24.Bd2 Rfb8 25.Rec1 R8b7 26.Ra3 Rb2 27.Bc3 R2b3 28.Rxb3 Rxb3 29.Qxa6 Nxd4
30.Qxa7 Ne2+ 31.Kh1 Nxc1 32.Nd4 Qxe5 33.Nxb3 Qxc3 34.Nxc1 Qxc1+ 35.Kh2 Qc4
36.a6 Kh7 37.Qb7  1/2-1/2

[Event "Petrosian Mem Internet"]
[Site "ICC INT"]
[Date "2004.12.18"]
[Round "1"]
[White "Fressinet,L"]
[Black "Ni Hua"]
[Result "0-1"]
[WhiteElo "2640"]
[BlackElo "2611"]

1.e4 c5 2.Nf3 Nc6 3.Bb5 d6 4.c3 Nf6 5.Qe2 Bg4 6.d4 cxd4 7.cxd4 d5 8.e5 Nd7
9.Be3 e6 10.O-O Be7 11.Nbd2 O-O 12.Bd3 Rc8 13.Rac1 Qb6 14.h3 Bh5 15.Rc2 Bg6
16.Bxg6 hxg6 17.Rfc1 Rc7 18.a3 Rfc8 19.b4 a5 20.Nc4 Qa6 21.Nxa5 Qxe2 22.Rxe2 Ncxe5
23.dxe5 Rxc1+ 24.Bxc1 Rxc1+ 25.Kh2 b6 26.Nb3 Rc3 27.Nfd4 g5 28.g3 Bd8 29.a4 Rc4
30.a5 bxa5 31.bxa5 Bxa5 32.Nxe6 fxe6 33.Nxa5 Rc3 34.Nb7 d4 35.Re1 d3 36.Nd6 d2
37.Rd1 Nxe5 38.Kg2 Rd3 39.Ne4 Nc4 40.Kg1 g6 41.Kg2 e5 42.Kg1 Kf8 43.Kf1 Rd4
44.Nxg5 Nb2 45.Ke2 Nxd1 46.Kxd1 Ke7 47.Nf3 Rd5 48.Nxd2 Ke6 49.Ke2 Ra5 50.Kf3 Kd5
51.h4 Ra3+ 52.Kg2 e4 53.Nf1 Kd4 54.Ne3 Ra2 55.Ng4 Kd3 56.Kf1 Ra5 57.Ne3 Ra1+
58.Kg2 Ke2 59.Nd5 Ra3 60.Nf6 Kd3 61.Ng4 Ra5 62.Kf1 Kd2 63.Ne3 Rc5 64.Ng4 Rc1+
65.Kg2 Ke2 66.Nf6 Rc4 67.Nd5 Rd4 68.Ne3 Rd8 69.Ng4 Rf8 70.Kg1 Rf5 71.Kg2 Rf7
72.Kg1 Rf8 73.Kg2 Rd8 74.Nf6 Rd4 75.Ng4 Rd6 76.Ne3 Ra6 77.Ng4 Re6 78.Ne3 Rf6
79.Ng4 Rf8 80.Kg1 Re8 81.Kg2 Kd3 82.Ne3 Kd4 83.Ng4 Rf8 84.Kf1 Rh8 85.Kg2 g5
86.hxg5 Rg8 87.Ne3 Rxg5 88.Kf1 Kd3 89.Ng2 Ra5 90.Ne3 Ra1+ 91.Kg2 Ke2 92.Nd5 Kd3
93.Ne3 Ra5 94.Kf1 Rh5 95.Ng4 Rc5 96.Ne3 Rc1+ 97.Kg2 Ke2 98.Nd5 Rc5 99.Nf6 Re5
100.Ng4 Rf5 101.Kg1 Ke1 102.Kg2 Rf3 103.Kg1 Rf5 104.Kg2 Ke2 105.Kg1 Rg5  0-1

[Event "Petrosian Mem Internet"]
[Site "ICC INT"]
[Date "2004.12.20"]
[Round "3"]
[White "Ni Hua"]
[Black "Lputian,S"]
[Result "1-0"]
[WhiteElo "2611"]
[BlackElo "2634"]

1.e4 e6 2.d4 d5 3.Nc3 Bb4 4.e5 c5 5.a3 Ba5 6.b4 cxd4 7.Nb5 Bc7 8.f4 Bd7 9.Nf3 Bxb5
10.Bxb5+ Nc6 11.O-O Ne7 12.Bd3 Nf5 13.Bxf5 exf5 14.Bb2 Qd7 15.Kh1 O-O 16.Nxd4 Nxd4
17.Bxd4 Rfd8 18.Rf3 Bb6 19.Rd3 Rac8 20.Bxb6 axb6 21.Qd2 Qc6 22.Rd1 Qxc2 23.Qxc2 Rxc2
24.g3 Kf8 25.Rxd5 Rxd5 26.Rxd5 Ke7 27.Rd6 Rc6 28.Rd2 Rc3 29.Kg2 Rxa3 30.Rd6 Ra6
31.b5 Ra8 32.Rxb6 Rb8 33.Kh3 Kd7 34.Kh4 h6 35.g4 fxg4 36.Kxg4 Kc7 37.Rd6 Rd8
38.Rxd8 Kxd8 39.Kh5 Ke7 40.f5 b6 41.h3 Kf8 42.f6 Kg8 43.fxg7 Kxg7 44.h4 Kh7
45.Kg4 Kg6 46.h5+ Kh7 47.Kf5 Kg7 48.Ke4 f6 49.Kf5 fxe5 50.Kxe5 Kf7 51.Kd6  1-0

[Event "Petrosian Mem Internet"]
[Site "ICC INT"]
[Date "2004.12.21"]
[Round "4"]
[White "Ni Hua"]
[Black "Fressinet,L"]
[Result "1/2-1/2"]
[WhiteElo "2611"]
[BlackElo "2640"]

1.e4 e5 2.Nf3 Nc6 3.d4 exd4 4.Nxd4 Bc5 5.Nxc6 Qf6 6.Qd2 dxc6 7.Nc3 Bd4 8.Bd3 Ne7
9.O-O Ng6 10.Kh1 Ne5 11.Be2 Ng4 12.Nd1 Qd6 13.f4 Nxh2 14.Kxh2  1/2-1/2

[Event "Petrosian Mem Internet"]
[Site "ICC INT"]
[Date "2004.12.22"]
[Round "5"]
[White "Lputian,S"]
[Black "Ni Hua"]
[Result "0-1"]
[WhiteElo "2634"]
[BlackElo "2611"]

1.d4 d5 2.c4 c6 3.e3 Nf6 4.Nc3 a6 5.Nf3 b5 6.c5 g6 7.Bd2 a5 8.a3 Bg7 9.b4 O-O
10.Bd3 Re8 11.O-O Bg4 12.bxa5 e5 13.Be2 Bxf3 14.Bxf3 Rxa5 15.a4 bxa4 16.Rxa4 Rxa4
17.Qxa4 Nfd7 18.Rb1 Qf6 19.Rb4 exd4 20.exd4 Bh6 21.Qd1 Bxd2 22.Qxd2 Qf4 23.Qd1 Ne5
24.Be2 Ng4 25.Bxg4 Qxg4 26.Rb1 Qf5 27.h3 Nd7 28.Qg4 Qxg4 29.hxg4 Ra8 30.Kf1 Ra3
31.Rc1 Nf8 32.Ke2 Ne6 33.Ke3 Kg7 34.g3 Kf6 35.Kd3 Ng5 36.Ke2 Ke6 37.f3 f5
38.gxf5+ Kxf5 39.Kf2 h5 40.Ke3 Rb3 41.Kf2 Ne6 42.Ne2 Rd3 43.Ra1 Ng5 44.Ng1 Rxd4
45.Ra6 Ne6 46.Rxc6 Rd2+ 47.Ke3 Rg2 48.g4+ hxg4 49.fxg4+ Rxg4 50.Nf3 Rc4 51.Rb6 Rc3+
52.Kf2 g5 53.c6 g4 54.Nh4+ Kg5 55.Ng2 g3+ 56.Kf1 Nf4 57.Nxf4 Kxf4 58.Kg2 Rc2+
59.Kg1 d4 60.Rb8 Rxc6  0-1

[Event "Aeroflot Open"]
[Site "Moscow RUS"]
[Date "2005.02.15"]
[Round "1"]
[White "Ni Hua"]
[Black "Markowski,T"]
[Result "1-0"]
[WhiteElo "2625"]
[BlackElo "2570"]

1.e4 c5 2.Nf3 e6 3.d4 cxd4 4.Nxd4 a6 5.c4 Nf6 6.Nc3 Qc7 7.a3 Be7 8.Be2 O-O
9.Be3 d6 10.O-O Nc6 11.Rc1 Nxd4 12.Qxd4 Bd7 13.Qb6 Qxb6 14.Bxb6 Rfc8 15.f3 Bc6
16.Be3 Nd7 17.b4 b6 18.Rfd1 g5 19.Bf2 Kf8 20.Bg3 e5 21.Bf2 a5 22.b5 Bb7 23.Na4 Rc5
24.Rc2 Ke8 25.Rcd2 Rcc8 26.Nxb6 Nxb6 27.Bxb6 d5 28.exd5 Bxa3 29.d6 Bc5+ 30.Bxc5 Rxc5
31.d7+ Kd8 32.Rd6  1-0

[Event "Aeroflot Open"]
[Site "Moscow RUS"]
[Date "2005.02.16"]
[Round "2"]
[White "Vasquez,R"]
[Black "Ni Hua"]
[Result "0-1"]
[WhiteElo "2561"]
[BlackElo "2625"]

1.Nf3 d5 2.d4 Nf6 3.c4 c6 4.Nc3 dxc4 5.a4 Bf5 6.e3 e6 7.Bxc4 Bb4 8.O-O O-O
9.Qe2 Nbd7 10.Rd1 Bg6 11.Ne5 Nxe5 12.dxe5 Nd7 13.f4 Qe7 14.Na2 Nb6 15.Nxb4 Qxb4
16.b3 Nxc4 17.Qxc4 Qxc4 18.bxc4 Rfd8 19.Rd2 c5 20.a5 h5 21.Raa2 b6 22.Kf2 Be4
23.Rab2 Rxd2+ 24.Rxd2 bxa5 25.Ra2 Rb8 26.Ba3 a4 27.h3 a5 28.Bxc5 Rc8 29.Be7 Rxc4
30.g4 Kh7 31.Kg3 Kg6 32.Kh4 hxg4 33.hxg4 Bc2 34.Ra1 Rc3 35.Rc1 a3 36.Bxa3 Rxa3
37.Rxc2 Rxe3 38.Rc6 Kh6 39.Rc7 g5+ 40.fxg5+ Kg6 41.Rc5 Ra3 42.Rc8 Re3 43.Rc5 a4
44.Ra5 Re4 45.Ra8 Rxe5 46.Rxa4 Rxg5 47.Ra8 Rd5 48.Rg8+ Kf6 49.Kg3 Ke5 50.Ra8 Rd1
51.Kf3 Rd3+ 52.Ke2 Rg3 53.Ra4 Kf6 54.Kf2 Rb3 55.Ra5 Kg6 56.Re5 Rd3 57.Ra5 Rd8
58.Kf3 f6 59.Ra6 e5 60.Ra7 Rd3+ 61.Kf2 Rb3 62.Rc7 Kg5 63.Rg7+ Kf4 64.Rg6 Rb6
65.Ke2 e4 66.Kd1 e3 67.Rh6 Kxg4 68.Ke2 Re6 69.Rg6+ Kf4 70.Rh6 Kg5 71.Rh2 f5
72.Kf3 f4 73.Rg2+ Kf5 74.Rh2 Rg6 75.Ra2 Rg3+ 76.Ke2 Kg4 77.Ra1 Kf5 78.Ra5+  0-1

[Event "Aeroflot Open"]
[Site "Moscow RUS"]
[Date "2005.02.18"]
[Round "4"]
[White "Van Wely,L"]
[Black "Ni Hua"]
[Result "1/2-1/2"]
[WhiteElo "2679"]
[BlackElo "2625"]

1.d4 d5 2.c4 c6 3.Nf3 Nf6 4.Nc3 dxc4 5.a4 Bf5 6.e3 e6 7.Bxc4 Bb4 8.O-O O-O
9.Qe2 Ne4 10.Bd3 Bxc3 11.bxc3 Nxc3 12.Qc2 Bxd3 13.Qxd3 Nd5 14.Ba3 Re8 15.Rab1 b6
16.Rfc1 a5 17.Ne5 Qc7 18.Qb3 Rd8 19.Qb2 f6 20.Nc4 c5 21.Nxb6 Qxb6 22.Qxb6 Nxb6
23.Rxb6 cxd4 24.exd4 Na6 25.Bd6 Rd7 26.Kf1 Rad8 27.Ba3 Nc7 28.g3 Kf7 29.Rc5 Nd5
30.Ra6 Ne7 31.Raxa5 Nf5 32.Rab5 Nxd4 33.Rb1 Ra8 34.a5 e5 35.Rb6 Ne6 36.Rcb5 Nd4
37.Rc5 Ne6 38.Rcb5 Nd4 39.Rc5  1/2-1/2

[Event "Aeroflot Open"]
[Site "Moscow RUS"]
[Date "2005.02.20"]
[Round "6"]
[White "Ni Hua"]
[Black "Akopian,Vl"]
[Result "1/2-1/2"]
[WhiteElo "2625"]
[BlackElo "2693"]

1.e4 e6 2.d4 d5 3.Nc3 dxe4 4.Nxe4 Nd7 5.Nf3 Ngf6 6.Nxf6+ Nxf6 7.c3 c5 8.Bg5 cxd4
9.Bb5+ Bd7 10.Nxd4 Bxb5 11.Nxb5 a6 12.Bxf6 gxf6 13.Nd4  1/2-1/2

[Event "Aeroflot Open"]
[Site "Moscow RUS"]
[Date "2005.02.22"]
[Round "8"]
[White "Karjakin,Sergey"]
[Black "Ni Hua"]
[Result "0-1"]
[WhiteElo "2599"]
[BlackElo "2625"]

1.e4 e6 2.d4 d5 3.Nc3 Bb4 4.e5 c5 5.a3 Bxc3+ 6.bxc3 Ne7 7.Qg4 Qc7 8.Qxg7 Rg8
9.Qxh7 cxd4 10.Ne2 Nbc6 11.f4 Bd7 12.Qd3 dxc3 13.Nxc3 a6 14.Rb1 Na5 15.Bd2 Nc4
16.Ne2 Nf5 17.h3 Qc5 18.g4 Nxa3 19.Rb2 Nc4 20.Rxb7 Nfe3 21.Bxe3 Nxe3 22.Rb3 Nxc2+
23.Kd2 Rc8 24.Qc3 Qa7 25.Qb2 Ba4 26.Rc3 Rxc3 27.Qxc3 Kd7 28.f5 Rc8 29.Qf3 Qc5
30.fxe6+ fxe6 31.Qf7+ Kd8 32.Qf6+ Kc7 33.Qf4 Kb8 34.Ng3 Qc3+ 35.Ke2 Qe1+
36.Kf3 Rc3+ 37.Kg2 Ne3+ 38.Kg1 Bb5 39.Qf8+ Kb7 40.Qf2 Qb1 41.Kh2 Nxf1+ 42.Nxf1 Qd3
43.Qf7+ Kb6 44.Qf2+ Kc6  0-1

[Event "Dos Hermanas Internet KO"]
[Site "ICC INT"]
[Date "2005.03.26"]
[Round "1.1"]
[White "Milanovic,Da"]
[Black "Ni Hua"]
[Result "0-1"]
[WhiteElo "2447"]
[BlackElo "2625"]

1.d4 d5 2.c4 c6 3.Nf3 Nf6 4.Nc3 dxc4 5.a4 Bf5 6.Ne5 Nbd7 7.Nxc4 Nb6 8.Ne5 a5
9.e3 e6 10.g4 Be4 11.f3 Bg6 12.h4 h6 13.Nxg6 fxg6 14.Bd3 Bb4 15.Bxg6+ Ke7
16.Qe2 Qc7 17.Bd2 Nfd5 18.f4 Raf8 19.O-O Kd8 20.Rac1 Qe7 21.h5 Qh4 22.Rf2 Kc7
23.Rh2 Qe7 24.b3 Kb8 25.Ne4 Nd7 26.Bxb4 Qxb4 27.Qd3 Rd8 28.Rc4 Qa3 29.Rf2 Rhf8
30.Kg2 e5 31.f5 N7f6 32.Nxf6 Nxf6 33.Kh3 exd4 34.Rxd4 Rxd4 35.Qxd4 Ka8 36.Qe5 Qb4
37.Rf4 Qe1 38.Rd4 Qh1+ 39.Kg3 Qg1+ 40.Kh3 Nd5 41.Rxd5 cxd5 42.Qxg7 Qxe3+
43.Kh4 Qe1+ 44.Kh3 Rc8 45.Qxh6 Rc3+ 46.Kg2 Rg3+ 47.Kh2 Qg1+  0-1

[Event "Dos Hermanas Internet KO"]
[Site "ICC INT"]
[Date "2005.03.26"]
[Round "1.2"]
[White "Ni Hua"]
[Black "Milanovic,Da"]
[Result "0-1"]
[WhiteElo "2625"]
[BlackElo "2447"]

1.e4 c5 2.Nf3 Nc6 3.Bb5 e6 4.O-O Nge7 5.b3 Nd4 6.Nxd4 cxd4 7.Bb2 a6 8.Bd3 Nc6
9.c3 Bc5 10.cxd4 Bxd4 11.Bxd4 Nxd4 12.Nc3 O-O 13.f4 b5 14.Kh1 Bb7 15.Qh5 f5
16.Rae1 Rc8 17.Re3 Rf6 18.Qh4 Qf8 19.Qf2 b4 20.Na4 fxe4 21.Bxe4 Rxf4 22.Bf3 Nxf3
23.gxf3 Qf7 24.Nb2 Rf8 25.Kg2 Qg6+ 26.Qg3 Rg4 27.Nc4 Rxg3+ 28.hxg3 Bd5 29.Ne5 Qc2
30.Rf2 d6 31.Nd3 a5  0-1

[Event "Dos Hermanas Internet KO"]
[Site "ICC INT"]
[Date "2005.03.26"]
[Round "1.3"]
[White "Milanovic,Da"]
[Black "Ni Hua"]
[Result "0-1"]
[WhiteElo "2447"]
[BlackElo "2625"]

1.d4 d5 2.c4 c6 3.Nf3 Nf6 4.Nc3 dxc4 5.a4 Bf5 6.Ne5 Nbd7 7.Nxc4 Nb6 8.Ne5 a5
9.e3 Nfd7 10.Nf3 e6 11.Be2 Bb4 12.O-O O-O 13.e4 Bg6 14.Bd3 Bh5 15.Be2 Bg6
16.Bd3 Qe7 17.Bg5 f6 18.Bh4 Kh8 19.Qe2 Bh5 20.h3 e5 21.g4 Bf7 22.dxe5 Nxe5
23.Nxe5 Qxe5 24.f4 Qe6 25.Bf2 Nd7 26.Kg2 Nc5 27.Bc2 Rfe8 28.Rfe1 Rad8 29.Rad1 Rxd1
30.Qxd1 Qc4 31.Qf3 h6 32.h4 Rd8 33.Re2 Ne6 34.Bb6 Re8 35.Bf2 Bxc3 36.bxc3 Qxe2
37.Qxe2 Nxf4+ 38.Kf3 Nxe2 39.Kxe2 Be6 40.Kf3 b5 41.Bb6 b4 42.Bxa5 b3 43.Bb1 Ra8
44.Bb4 Rxa4 45.Ke3 Ra1 46.Bd3 b2  0-1

[Event "Torch Real Estate Cup"]
[Site "Jinan CHN"]
[Date "2005.04.20"]
[Round "1"]
[White "Ni Hua"]
[Black "Yu Lie"]
[Result "1-0"]
[WhiteElo "2638"]
[BlackElo "2328"]

1.Nf3 c5 2.c4 Nc6 3.d4 cxd4 4.Nxd4 e5 5.Nb5 d6 6.g3 Be7 7.Bg2 Nf6 8.Bg5 O-O
9.O-O Be6 10.Nd2 Qd7 11.Bxf6 Bxf6 12.Nc3 Ne7 13.Nde4 Rad8 14.Qd3 Nc8 15.Nxf6+ gxf6
16.b3 Bh3 17.Nd5 Qf5 18.e4 Qe6 19.f4 Bxg2 20.Kxg2 exf4 21.Rxf4 Ne7 22.Nxf6+ Kg7
23.Raf1 Ng8 24.e5  1-0

[Event "Torch Real Estate Cup"]
[Site "Jinan CHN"]
[Date "2005.04.21"]
[Round "2"]
[White "Chen Fan"]
[Black "Ni Hua"]
[Result "0-1"]
[WhiteElo "2354"]
[BlackElo "2638"]

1.e4 e6 2.d4 d5 3.Nc3 dxe4 4.Nxe4 Nd7 5.Nf3 Ngf6 6.Nxf6+ Nxf6 7.c3 c5 8.Ne5 a6
9.Qa4+ Nd7 10.Be3 cxd4 11.Bxd4 Bd6 12.Nc4 Bc7 13.Qa3 e5 14.Be3 Qe7 15.Qxe7+ Kxe7
16.Nd2 Bb6 17.Nc4 Bxe3 18.Nxe3 Nb6 19.Nc4 Nxc4 20.Bxc4 Be6 21.Bxe6 Kxe6 22.O-O-O h5
23.Rhe1 g5 24.h4 g4 25.Kd2 f5 26.Kc2 Rhd8 27.a4 e4 28.Rxd8 Rxd8 29.g3 Ke5
30.a5 f4 31.gxf4+ Kxf4 32.Re3 Rd3  0-1

[Event "Torch Real Estate Cup"]
[Site "Jinan CHN"]
[Date "2005.04.22"]
[Round "3"]
[White "Ni Hua"]
[Black "Wang Yaoyao"]
[Result "1-0"]
[WhiteElo "2638"]
[BlackElo "2456"]

1.e4 c5 2.Nf3 d6 3.d4 cxd4 4.Nxd4 Nf6 5.Nc3 a6 6.Be2 e5 7.Nb3 Be7 8.Bg5 Be6
9.Bxf6 Bxf6 10.Qd3 Nc6 11.O-O-O Be7 12.Kb1 Rc8 13.Nd5 O-O 14.a3 b5 15.g3 Bxd5
16.Qxd5 Qb6 17.f4 Rfd8 18.Bh5 g6 19.Bg4 Rc7 20.f5 Bf6 21.fxg6 hxg6 22.h4 a5
23.Rdf1 Ne7 24.Qd2 d5 25.Qxa5 Qxa5 26.Nxa5 Bg7 27.h5 dxe4 28.hxg6 Nxg6 29.Bf5 Rd4
30.Nb3 Ra4 31.Re1 Ne7 32.Bh7+ Kf8 33.Rhf1 Bh6 34.Bxe4 b4 35.axb4 Rxb4 36.Bd3 Rg4
37.Rxe5 Rxg3 38.Nc5 Nc6 39.Rh5 Kg7 40.Ne4 Rg2 41.Nd6  1-0

[Event "Torch Real Estate Cup"]
[Site "Jinan CHN"]
[Date "2005.04.24"]
[Round "5"]
[White "Ni Hua"]
[Black "Ye Jiangchuan"]
[Result "0-1"]
[WhiteElo "2638"]
[BlackElo "2648"]

1.a3 g6 2.b4 Bg7 3.d4 Nf6 4.Nf3 O-O 5.e3 d6 6.Bb2 Nbd7 7.Be2 e5 8.c4 exd4
9.Bxd4 b6 10.O-O Bb7 11.Nbd2 Qe7 12.Qc2 Rfd8 13.Qb2 c5 14.Bc3 Rab8 15.Rfd1 a6
16.Nf1 b5 17.cxb5 axb5 18.bxc5 Nxc5 19.Bd4 Ne6 20.Bc3 Nc5 21.Qa2 Na4 22.Bd4 Ne4
23.Bxg7 Kxg7 24.Rd4 Nac3 25.Qb2 Qf6 26.Bd3 Rbc8 27.Rc1 Rc5 28.Bxe4 Nxe4 29.Rcd1 Rdc8
30.Qb4 Nc3 31.R1d2 Bxf3 32.Rf4 Rf5 33.gxf3 Rxf4 34.Qxf4 Qxf4 35.exf4 Ra8
36.Rxd6 Ne2+ 37.Kg2 Nxf4+ 38.Kg3 Ne2+ 39.Kg2 Rxa3 40.Ne3 Ra1 41.h4 h5 42.Rb6 Rg1+
43.Kh2 Rb1 44.Nd5 Rb3 45.f4 Nd4 46.Ne3 Rb2 47.Kg2 b4 48.Rd6 Nb5 49.Rb6 Nd4
50.Rd6 Ne6 51.f5 gxf5 52.Nxf5+ Kf6 53.Ne3 b3 54.Kf3 Rb1 55.Rb6 Ke5 56.Kg3 Ke4
57.Rb4+ Kd3 58.Kf3 Nd4+ 59.Kg2 Rc1 60.Rb8 Rc5 61.Kh2 Rb5 62.Rxb5 Nxb5 63.Nd1 Kc2
64.Ne3+ Kc1 65.Nc4 Nd6 66.Na3 Kb2  0-1

[Event "Torch Real Estate Cup"]
[Site "Jinan CHN"]
[Date "2005.04.25"]
[Round "6"]
[White "Wei Chenpeng"]
[Black "Ni Hua"]
[Result "0-1"]
[WhiteElo "2406"]
[BlackElo "2638"]

1.e4 e6 2.d3 c5 3.Nf3 Nc6 4.g3 g6 5.Bg2 Bg7 6.O-O Nge7 7.c3 e5 8.a3 d6 9.b4 b6
10.b5 Na5 11.c4 O-O 12.a4 h6 13.Bb2 Be6 14.Nbd2 Qc7 15.Nb3 Nxb3 16.Qxb3 a5
17.Nd2 Rae8 18.h3 f5 19.f4 Nc8 20.exf5 gxf5 21.Rae1 Ne7 22.Qd1 Ng6 23.Bc6 Bd7
24.Bd5+ Kh7 25.Qh5 exf4 26.Bxg7 Kxg7 27.gxf4 Nxf4 28.Qf3 Ng6 29.Kh1 Qd8 30.Rxe8 Bxe8
31.Rg1 Qf6 32.Qg3 Kh7 33.Nf3 Ne7 34.Bb7 Rg8 35.Qe1 Rxg1+ 36.Nxg1 Bf7 37.Nf3 Ng6
38.Nd2 Qc3 39.Qe2 Ne5 40.Bc8 Bg6 41.h4 Qxd3 42.Qxd3 Nxd3  0-1

[Event "Torch Real Estate Cup"]
[Site "Wuxi CHN"]
[Date "2005.05.09"]
[Round "8"]
[White "Gagunashvili,M"]
[Black "Ni Hua"]
[Result "1-0"]
[WhiteElo "2547"]
[BlackElo "2638"]

1.d4 Nf6 2.c4 g6 3.g3 c6 4.Nf3 Bg7 5.Bg2 O-O 6.O-O d5 7.Qb3 a5 8.Nc3 a4 9.Qb4 dxc4
10.Qxc4 b5 11.Qd3 b4 12.Ne4 Ba6 13.Nxf6+ exf6 14.Qc2 b3 15.axb3 axb3 16.Qc3 Nd7
17.Re1 c5 18.Qxb3 Rb8 19.Qc2 Qc8 20.Bf4 Rb4 21.Bd6 Rd8 22.b3 f5 23.dxc5 Bxa1
24.Rxa1 Re4 25.e3 Nf6 26.Rc1 Ree8 27.Nd4 Ne4 28.Bf4 Rd5 29.b4 g5 30.f3 gxf4
31.fxe4 fxe4 32.gxf4 Bd3 33.Qb2 Qd8 34.b5 Rh5 35.b6 Rh6 36.c6 Qh4 37.h3 Rg6
38.f5 Qxh3 39.fxg6 Qxe3+ 40.Kh1 Re5 41.gxf7+ Kxf7 42.Qb3+ Kg7 43.Rg1 Kf8
44.Rf1+ Kg7 45.Qf7+  1-0